00694nam a2200229 a 450000500170000000800410001701000140005802000260007202000230009803500130012103700150013404000180014908200120016710000240017924500650020326000490026827000450031730000280036265000330039065000260042365000150044920090711141024.0090226s2009 nyua 001 0 eng  aENG-94388 a9780070670976c250.00 a0070670978c250.00 aEN-77921 bDBAD / PUB adplbEnglish  a658.409 aLundin, Stephen C.  aCATS:cby Stephen C. Lundin bthe nine lives of innovation / aNew Delhi bTata McGraw Hill Educationc2009 a7 West Patel Nagar, bNew Delhi e110008 axix, 168p. c19cm(pbk)  aCreative ability in business aOrganizational change aInnovation